|
|
|
|
| LEADER |
00900nam a2200265 4500 |
| 001 |
DLU190190967 |
| 005 |
##20190508 |
| 040 |
# |
# |
|a DLU
|b vie
|
| 041 |
# |
# |
|a vie
|
| 044 |
# |
# |
|a vn
|
| 100 |
# |
# |
|a Đỗ Lý Hoài Tân.
|
| 245 |
# |
# |
|a Lý thuyết Chenery và các giai đoạn phát triển kinh tế của Đông Nam Bộ trong thời kỳ 1999-2014 /
|c Đỗ Lý Hoài Tân.
|
| 653 |
# |
# |
|a Đông Nam Bộ
|
| 653 |
# |
# |
|a Giai đoạn phát triển kinh tế
|
| 653 |
# |
# |
|a Lý thuyết Chenery
|
| 653 |
# |
# |
|a Phát triển kinh tế vùng
|
| 773 |
# |
# |
|t Khoa học xã hội Thành phố Hồ Chí Minh
|g Số 6(226), 2017, tr. 1-9
|
| 920 |
# |
# |
|a Phòng Tạp chí -- Trung tâm Thông tin - Thư viện Trường Đại học Đà Lạt
|
| 900 |
# |
# |
|a True
|
| 911 |
# |
# |
|a Nguyễn Thị Thu Phương
|
| 925 |
# |
# |
|a G
|
| 926 |
# |
# |
|a A
|
| 927 |
# |
# |
|a BB
|
| 980 |
# |
# |
|a Thư viện Trường Đại học Đà Lạt
|